MARC

LEADER 00000nam0a2200000 4500
001 280922
005 20231101235343.0
035 |a (RuTPU)RU\TPU\book\304493 
090 |a 280922 
100 |a 20150115d1973 k y0rusy50 ca 
101 0 |a rus 
102 |a RU 
105 |a a j 001zy 
200 1 |a Статистика миграции населения  |e [сборник]  |f Академия наук СССР (АН СССР), Центральный экономико-математический институт (ЦЭМИ) ; отв. ред. Т. В. Рябушкин 
210 |a Москва  |c Статистика  |d 1973 
215 |a 366 с.  |c ил. 
225 1 |a Ученые записки по статистике  |v Т. 21 (специальный) 
606 1 |a Статистика населения  |2 stltpush  |3 (RuTPU)RU\TPU\subj\56827  |9 74717 
610 1 |a население 
610 1 |a миграция 
610 1 |a прогнозирование 
610 1 |a модели 
610 1 |a сельское население 
610 1 |a Казахстан 
610 1 |a Латвия 
610 1 |a Поволжье 
610 1 |a Карелия 
610 1 |a Дальний Восток 
610 1 |a Европа 
610 1 |a социалистические страны 
686 |a С72  |2 rubbk 
702 1 |a Рябушкин  |b Т. В.  |4 340 
712 0 2 |a Академия наук СССР (АН СССР)  |b Центральный экономико-математический институт (ЦЭМИ)  |c (Москва)  |2 stltpush  |3 (RuTPU)RU\TPU\col\11797 
801 1 |a RU  |b 63413507  |c 20150115 
801 2 |a RU  |b 63413507  |c 20170620  |g RCR 
942 |c BK